000
00321nam a2200145Ia 4500
005
20250423094410.0
008
250422s9999 xx 000 0 und d
020
_a
978-975315-242-6
100
_a
Daralnile
245
0
_a
Al-quliba Daria
260
_a
Istanbul
260
_b
Daru- Nashr
260
_c
2011
942
_c
BK
999
_c
27119
_d
27119